Menopause accelerates oxidative stress in postmenopausal middle aged females

Bibliographic Details
Main Authors: Čaprnda, Martin, 1976- (Author), Vachulová, Anna, 1972- (Author), Blažíček, Pavel, 1942- (Author), Lietava, Ján, 1958- (Author)
Corporate Author: Česká kardiologická společnost Sjezd (Author)
Format: Conference Proceeding Article
Language:English
ISSN:0010-8650
Subjects:

MARC

LEADER 00000nab a2200000 a 4500
001 vtls008415185
003 SK-MaSNL
005 20260304003528.0
008 040806c2005 xo 0 eng
015 |a SNBCL2005/5 
035 |a SLK033465 
040 |a SLKCL  |b slo  |c SNKBUCL  |e AACR2 
041 1 |a eng 
044 |a xo  |c SK 
080 |a 612.662.9:616.1:061.3  |2 1981 
245 0 0 |a Menopause accelerates oxidative stress in postmenopausal middle aged females  |c M. Čaprnda ... [et al.] 
650 0 7 |a menopauza  |2 MESH  |9 2505 
650 0 7 |a obdobie po menopauze  |2 MESH  |9 838955 
650 0 7 |a oxidačný stres  |2 MESH  |9 84767 
650 0 7 |a štúdie prípadov a kontrol  |2 MESH  |9 873159 
650 0 7 |a abstrakty z kongresu  |2 MESH  |9 168204 
700 1 |a Čaprnda, Martin,  |d 1976-  |4 aut  |9 164403 
700 1 |a Vachulová, Anna,  |d 1972-  |4 aut  |9 164405 
700 1 |a Blažíček, Pavel,  |d 1942-  |4 aut  |9 178661 
700 1 |a Lietava, Ján,  |d 1958-  |4 aut  |9 5263 
711 1 |a Česká kardiologická společnost  |b Sjezd  |n (13. :  |d 2005 :  |c Brno, Česko)  |4 aut  |9 83948 
773 0 |w SERIAL_GENERAL*000116*2005*005*013  |x 0010-8650  |t Cor et Vasa  |g pr. k roč. 47, č. 4, suppl. (2005), s. 11 
850 |a Slovenská lekárska knižnica v Bratislave  |a BA006 
852 |a BA006  |b KIS3GCP  |b 000500000 
999 |c 2547857  |d 2549787